Normal view
MARC view
- أبو عون، ناصر
Entry Personal Name
001 - CONTROL NUMBER
- control field: 43745
003 - CONTROL NUMBER IDENTIFIER
- control field: JO-AjAnu
005 - DATE AND TIME OF LATEST TRANSACTION
- control field: 20230606081240.0
008 - FIXED-LENGTH DATA ELEMENTS
- fixed length control field: 230606|| aca||aabn | a|a d
040 ## - CATALOGING SOURCE
- Original cataloging agency: JO-AjAnu
- Transcribing agency: JO-AjAnu
100 ## - HEADING--PERSONAL NAME
- Personal name: أبو عون، ناصر
670 ## - SOURCE DATA FOUND
- Source citation: Work cat.: (JO-AjAnu)22396: أبو عون، ناصر, author, تجليات الشعر العماني المعاصر(سعيد الصقلاوي)ترنيمة حياة